Guess the Niall Horan song with no hints #8 - Statistics

General Stats
  • This quiz has been taken 20 times
  • The average score is 111 of 184
Answer Stats
Answer % Correct
I
100%
the
100%
you
100%
love
93%
We
93%
we
93%
And
86%
and
86%
to
86%
do
79%
In
79%
my
79%
on
79%
our
79%
too
79%
your
79%
was
71%
But
64%
don't
64%
of
64%
own
64%
so
64%
So
64%
this
64%
go
57%
house
57%
paper
57%
two,
57%
us
57%
Why
57%
can
50%
Cause
50%
did
50%
far?
50%
hold
50%
houses
50%
(One,
50%
three,
50%
Till
50%
way
50%
worlds
50%
Yeah,
50%
apart
43%
broken
43%
built
43%
climb
43%
fall
43%
feel
43%
hearts
43%
high
43%
price
43%
reach
43%
scars
43%
scatter
43%
stars
43%
wanna
43%
break
36%
cards
36%
cards,
36%
close
36%
hard
36%
hurt
36%
knew
36%
let
36%
made
36%
much
36%
paid
36%
slippin'
36%
stacks
36%
them
36%
away
29%
breathe
29%
find
29%
four)
29%
head
29%
light
29%
lose
29%
out
29%
tight
29%
touch
29%
tried
29%
yes,
29%
held
21%
learned
21%
owned
14%
turn
14%
No matching quizzes found
Score Distribution
Percent of People with Each Score
Percentile by Number Answered
Your Score History
You have not taken this quiz